| Tag |
First Indicator |
Second Indicator |
Subfields |
| LEADER |
00000cam a22000001a 4500 |
| 001 |
in00003247613 |
| 006 |
m d f |
| 007 |
cr bn mmmapmmp |
| 008 |
091026s1997 dcuab ob f000 0 eng d |
| 005 |
20260511182338.1 |
| 035 |
|
|
|a cis2007468587
|
| 040 |
|
|
|a UMI
|c UMI
|d UtOrBLW
|
| 043 |
|
|
|a n-us---
|
| 074 |
|
|
|a 1023-A
|
| 074 |
|
|
|a 1023-B (MF)
|
| 086 |
0 |
|
|a Y 4.R 31/3:105-43
|
| 088 |
|
|
|a Serial no. 105-43 (United States. Congress. House. Committee on Resources)
|
| 099 |
|
|
|a HRG-1997-HRC-0033
|
| 110 |
1 |
|
|a United States.
|b Congress.
|b House.
|b Committee on Resources.
|b Subcommittee on National Parks and Public Lands.
|
| 245 |
1 |
0 |
|a Oversight hearing on federal vs. state management of parks :
|b oversight hearing before the Subcommittee on National Parks and Public Lands of the Committee on Resources, House of Representatives, One Hundred Fifth Congress, first session, July 10, 1997, Washington, DC.
|
| 246 |
3 |
|
|a Oversight hearing on federal versus state management of parks
|
| 264 |
|
1 |
|a Washington :
|b U.S. G.P.O. :
|c 1997.
|
| 264 |
|
2 |
|a Washington :
|b For sale by the U.S. G.P.O., Supt. of Docs., Congressional Sales Office,
|
| 300 |
|
|
|a 1 online resource.
|
| 336 |
|
|
|a text
|b txt
|2 rdacontent
|
| 337 |
|
|
|a computer
|b c
|2 rdamedia
|
| 338 |
|
|
|a online resource
|b cr
|2 rdacarrier
|
| 500 |
|
|
|a Record is based on bibliographic data in ProQuest Congressional Hearings Digital Collection. Reuse except for individual research requires license from ProQuest, LLC.
|
| 504 |
|
|
|a Includes bibliographical references.
|
| 538 |
|
|
|a System requirements: PDF reader software.
|
| 500 |
|
|
|a Electronic resource.
|
| 650 |
|
0 |
|a National parks and reserves
|x Fees
|z United States.
|
| 650 |
|
0 |
|a National parks and reserves
|z United States
|x Management.
|
| 650 |
|
0 |
|a Parks
|z United States
|x States
|x Management.
|
| 650 |
|
0 |
|a User charges
|z United States.
|
| 655 |
|
7 |
|a Electronic books.
|2 local
|
| 710 |
2 |
|
|a ProQuest (Firm)
|
| 776 |
0 |
8 |
|i Print version:
|a United States. Congress. House. Committee on Resources. Subcommittee on National Parks and Public Lands.
|t Oversight hearing on federal vs. state management of parks
|w (DGPO)97084598
|w (OCoLC)38423428
|
| 776 |
0 |
8 |
|i Microfiche version:
|a United States. Congress. House. Committee on Resources. Subcommittee on National Parks and Public Lands.
|t Oversight hearing on federal vs. state management of parks.
|d [Bethesda, Md.] : ProQuest,[2004]
|o CIS 98 H651-16
|w (ProQuest)cis09800860
|
| 830 |
|
0 |
|a U.S. Congressional Hearings.
|
| 856 |
4 |
0 |
|u http://proxy.library.tamu.edu/login?url=https://congressional.proquest.com/congcomp/getdoc?HEARING-ID=HRG-1997-HRC-0033
|z Connect to the full text of this electronic book
|t 0
|
| 998 |
|
|
|a cis09800860
|
| 999 |
|
|
|a MARS
|
| 999 |
f |
f |
|s 9e14b537-1fe1-37de-98c3-e7da4daa4fa8
|i 5b6766c1-5b53-3fb1-8b81-da76d5be47fe
|t 0
|
| 952 |
f |
f |
|a Texas A&M University
|b College Station
|c Electronic Resources
|s www_evans
|d Available Online
|t 0
|e HRG-1997-HRC-0033
|h Other scheme
|
| 998 |
f |
f |
|a HRG-1997-HRC-0033
|t 0
|l Available Online
|